000 00330nam a2200145Ia 4500
999 _c10767
_d10767
008 191201s2011 xx 000 0 und d
082 _a336
_bBHP
100 _aBHATIA, H L
245 0 _aPublic Finance
250 _a30th
260 _aNew Delhi
_bVikas Pub.
_c2021
300 _a608
650 _aBA Economics
942 _2ddc
_cBK